| 000 | 00960nam a22002415i 4500 | ||
|---|---|---|---|
| 001 | 157947 | ||
| 003 | ES-MaACL | ||
| 005 | 20251205142234.0 | ||
| 008 | 990705s1896 fr f |||| | fre d | ||
| 040 |
_aCCPB | B _bspa _cCCPB | B |
||
| 100 | 1 |
_aLombroso, Cesare, _d1835-1909 _9242173 |
|
| 245 | 1 | 3 |
_aLa femme criminelle et la prostituée / _cpar C. Lombroso et G. Ferrero ; traduction de l'italien par Louis Meille ; revue par Saint-Aubin. |
| 260 |
_aParis : _bAncienne Librairie Germer Baillière et C\pie\s, Félix Alcan, éditeur, _c1896. |
||
| 300 |
_aXVI, 679 p., XIII h. de grab. pleg. ; _c23 cm. |
||
| 650 | 4 |
_aCrimen y criminales. _911417 |
|
| 650 | 4 |
_aProstitución. _916507 |
|
| 650 | 7 |
_aMujeres _2embne _915251 |
|
| 700 | 1 |
_aMeille, Louise. _9129796 |
|
| 700 | 0 |
_aFerrero, Guglielmo. _950546 |
|
| 700 | 1 |
_aSaint-Aubin, Charles-Germain de, _d1721-1786 _9154025 |
|
| 852 |
_aES-MaACL _jB-6854 _z-- Enc. hol. |
||
| 999 |
_c157947 _d157947 |
||